• 首页
  • 本馆介绍
  • 公告通知
  • 最新文献
  • 馆藏检索
  • 电子资源
  • 读者导购
  • 参考咨询
  • 我的图书馆
  • 登录
  • 详细信息显示
  • 放入我的书架
  • 预约/预借图书
  • 作者相关作品
  • 分类相关作品
  • 丛书相关作品
  • 出版社相关作品

书目信息

  • 表格格式
  • 工作单格式
  • 卡片格式
题名:
数字信号处理
    
 
作者: 王世一 编著
分册:  
出版信息: 北京   北京工业学院出版社  1987
页数: 421页
开本: 26cm
丛书名:
单 册:
中图分类: TN911.72
科图分类:
主题词: 数字信号-信号处理 , 信号处理-数字信号
电子资源:
ISBN:
000 00643nam0 2200241 45
001 0187006715
005 20070712153340.39
010    @dCNY4.45
091    @aCN@b15434.51
100    @a19901117d1987 emky0chiy0121 ea
101 0  @achi
102    @aCN@b110000
105    @af z 000yy
200 10 @a数字信号处理@Ashu zi xin hao chu li@f王世一编著
210    @a北京@c北京工业学院出版社@d1987
215    @a421页@c图表@d26cm
606    @a数字信号-信号处理
606    @a信号处理-数字信号
690    @aTN911.72@v3 
701  0 @a王世一@Awang shi yi@4编著
801  2 @aCN@bNLC@c20070712
801  0 @aCN@bTSSF
905    @a10447@dTN911.72@e100
    
    数字信号处理/王世一编著.-北京:北京工业学院出版社,1987
    421页:图表;26cm
    
    
    ISBN :CNY4.45
    
●
相关链接 在E读中查询图书 在五车中查询图书 在当当中查询图书 在豆瓣中查询图书


正题名:数字信号处理     索取号:TN911.72/100         预约/预借

序号 登录号 条形码 馆藏地/架位号 状态 备注
1 0765381   207653813   第二样本阅览室/ [索取号:TN911.72/100] 在馆    
唐山师范学院图书馆 欢迎您!
大连网信软件有限公司© 版权所有